All 10k+ cities in Wyoming on a Map - Statistics

General Stats
  • This quiz has been taken 207 times
  • The average score is 7 of 11
Answers on the Map
Answers color-coded by a green-red scale on the quiz's map according to % correct below.
 
Answer Stats
City Population % Correct
Cheyenne 65,132
98%
Casper 59,038
95%
Laramie 31,407
77%
Gillette 33,403
74%
Jackson 10,760
69%
Cody 10,028
59%
Rock Springs 23,526
58%
Sheridan 18,737
58%
Green River 11,825
52%
Riverton 10,682
42%
Evanston 11,747
39%
No matching quizzes found
Score Distribution
Percent of People with Each Score
Percentile by Number Answered
Your Score History
You have not taken this quiz